Gaming Quiz

Random Gaming Quiz

Modern Warfare 2 Armory Quiz Stats

 Plays Quiz not verified by Sporcle

Challenge
Share
Tweet
Embed
Score 0/38 Timer 10:00
0 Plays Today
Gun Type Gun Name % Correct
Assult RifleFAMAS
85.7%
Assult RifleAK-47
85.7%
Sub Machine GunUMP45
85.7%
Assult Rifle M4A1
71.4%
Assult RifleSCAR-H
71.4%
Assult Rifle FAL
71.4%
Assult RifleF2000
71.4%
Sub Machine GunMini-Uzi
71.4%
Light Machine GunAUG HBAR
71.4%
Sniper RifleIntervention
71.4%
ShotgunStriker
71.4%
LauncherStinger
71.4%
LauncherThumper
71.4%
Assult RifleACR
57.1%
Sub Machine GunMP5K
57.1%
Sub Machine Gun Vector
57.1%
Light Machine GunM240
57.1%
PistolDesert Eagle
57.1%
Pistol44. Magnum
57.1%
Gun Type Gun Name % Correct
PistolM-9
57.1%
ShotgunAA-12
57.1%
ShotgunSPAS-12
57.1%
ShotgunRanger
57.1%
ShotgunModel 1887
57.1%
ShotgunM1014
57.1%
LauncherJavelin
57.1%
Assult Rifle M16A4
42.9%
Light Machine GunRPD
42.9%
Light Machine GunMG4
42.9%
Sniper RifleBarrett 50.cal
42.9%
Sniper RifleWA2000
42.9%
LauncherRPG-7
42.9%
Assult RifleTAR-21
28.6%
Sub Machine GunP90
28.6%
Light Machine GunL86 LSW
28.6%
Sniper RifleM21EBR
28.6%
PistolUSP .45
28.6%
14.3%

You're not logged in!

Compare scores with friends on all Sporcle quizzes.
Join for Free
OR
Log In

You Might Also Like...

Show Comments

Extras

Created Apr 15, 2011ReportNominate
Tags:gun, modern, Modern Warfare

Top Quizzes Today


Score Distribution

Your Account Isn't Verified!

In order to create a playlist on Sporcle, you need to verify the email address you used during registration. Go to your Sporcle Settings to finish the process.

Report this User

Report this user for behavior that violates our Community Guidelines.

Details: